Anl̀isis financiero para la toma de decisiones Enrique Zamora Garca̕

Bibliographic Details
Main Author: Zamorano Garca̕, Enrique
Format: eBook
Language:Spanish
Published: Mx̌ico D.F. : Instituto Mexicano de Contadores Pb︢licos, 2012
Subjects:
Online Access:http://www.vlex.com/source/7068

MARC

LEADER 00000nam a22000007a 4500
005 20130222142055.0
007 cr|||| ||||
008 130222e2012 mx |||||s|||| 00||0 spa d
020 |a 978-607-7620-77-8 
035 |a 7068 
040 |a vLex 
090 |c 3735  |d 3735 
100 1 0 |a Zamorano Garca̕, Enrique  
245 1 0 |a Anl̀isis financiero para la toma de decisiones  |h [Recurso electrn̤ico] /  |b Enrique Zamora Garca̕ 
256 |a Servicio en ln̕ea 
260 |a Mx̌ico D.F. :  |b Instituto Mexicano de Contadores Pb︢licos,   |c 2012 
300 |a 1 Recurso electrn̤ico 
650 0 4 |a Bolsa y finanzas 
650 0 4 |a Administracin̤ (Management) 
740 |a vLex Libros (Servicio en ln̕ea) 
856 4 0 |a Acceso restrngido  |u http://www.vlex.com/source/7068 
942 |c BOOK 
999 0 |a Finance